01207nam a2200301 a 4500001001000000003000900010005001700019007001000036008004100046020001800087040002200105092001500127100002500142245011600167260006000283300002600343490003200369586015800401700003700559830003200596930003800628942001200666945003600678952009800714956003900812956003900851999001500890000002635DO-SdBNP20171102121046.0000002635090703s2009 dr a 000 0 spa d a9789945868814 aBPMETbspacBPMET axxxxbxxxx1 aEsquea, Rosa Francia10aJuegos, recuerdos y tradiciones :bpoesías /cRosa Francia Esquea ; ilustraciones Johanna Patricia Joaquín. aSanto Domingo :bSociedad Cultural Renovación,c2009. a83 p. :bil. c20 cm. aPor nuestro país primero  a"Premio Único a Nivel Nacional, categoría adultos, género literatura infantil 'Delia Quesada,' 2008, concurso literario por Nuestro País Primero"12aJoaquín, Johanna Patriciaeil. lPor nuestro país primero  1lBND01mLF1820090703f01pCTg430 2ddccBK aTitulo remanejado para la BNPHU 00102ddc40708CI-DaBPMETbBPMETd2015-02-16l0pBPMSU15041318r2015-02-16w2015-02-16yBK aAVARGASb10c20090703lBND01h0906 aLOPEREZb10c20150216lBND01h1358 c7409d7409